000 00855nam a2200229 i 4500
001 42616
003 ES-MaACL
005 20250905063038.0
007 t|
008 030313s1862 sp ||||1| spa d
080 _a94(460.355 C.)"18"
080 _a94(460)"1808/14"
100 1 _aCastro, Adolfo de,
_d1823-1898
_936824
245 1 0 _aCádiz en la guerra de la independencia /
_ccuadro histórico por Adolfo de Castro.
260 _aCádiz :
_b[s.n.],
_c1862 (
_fImp. Federico Solis)
300 _a72 p. ;
_c31 cm.
651 4 _aCádiz-
_xHistoria-
_yS.XIX.
_97918
651 4 _aEspaña-
_xHistoria-
_y1808-1814, Guerra de la Independencia
_98244
852 _aES-MaACL
_jD-19
856 _uhttp://bibliotecadigitalhispanica.bne.es:80/webclient/DeliveryManager?pid=1865905&custom_att_2=simple_viewer
_zIr a la página
999 _c42616
_d42616